000 00218nam a22000857a 4500
008 161201b xxu||||| |||| 00| 0 eng d
100 _91673
_aSingh,A.V
245 _aabc of General knowledge
260 _aNew Delhi
_bHoly Faith
999 _c4383
_d4383